000 00569nam a2200193 a 4500
001 1771666227328
003 YourLibrary
005 20260221150218.0
008 260221s2002##################000#0#eng##
020 _a9783790814675
082 0 4 _a338.6420947
_bPFI
100 1 _aPfirrmann, Oliver,
_eauthor.
245 1 0 _aSmall Firms and Entrepreneurship in Central and Eastern Europe :
260 _bSpringer Science & Business Media,
_c2002.
300 _a338 pages
650 0 _aBusiness & Economics.
942 _cENGLISH
040 _aYourLibrary
_beng
_cYourLibrary
999 _c615276
_d615276